[Event "33ème Open International d'Avoine"]
[Site "Avoine"]
[Date "2018.07.21"]
[Round "2.44"]
[White "Fruteau, Sabine"]
[Black "Bourgois, Gael"]
[Result "1-0"]
[WhiteElo "2071"]
[BlackElo "1723"]
[PlyCount "41"]
[EventDate "2018.??.??"]

1. e4 c5 2. Nf3 g6 3. d4 cxd4 4. Qxd4 Nf6 5. c4 Nc6 6. Qd3 Bg7 7. Nc3 d6 8. Be2
O-O 9. O-O Ng4 10. Bg5 Nge5 11. Nxe5 Nxe5 12. Qd2 Re8 13. f4 Nc6 14. f5 Nd4 15.
Bd3 Qb6 16. Kh1 Bd7 17. Nd5 Qd8 18. f6 exf6 19. Bxf6 Bxf6 20. Nxf6+ Kg7 21. Qc3
1-0

[Event "33ème Open International d'Avoine"]
[Site "Avoine"]
[Date "2018.07.21"]
[Round "2.45"]
[White "Manea, Alexandru"]
[Black "Poliniere, Matthias"]
[Result "1/2-1/2"]
[WhiteElo "2394"]
[BlackElo "1718"]
[PlyCount "87"]
[EventDate "2018.??.??"]

1. c4 c6 2. d4 d5 3. Nf3 Nf6 4. e3 a6 5. Nbd2 e6 6. b3 dxc4 7. bxc4 Be7 8. Bb2
c5 9. Bd3 Nc6 10. O-O O-O 11. Nb3 b6 12. Qe2 Qc7 13. Rac1 Rd8 14. Rfd1 a5 15.
Nbd2 Bb7 16. Bb1 a4 17. a3 Na5 18. Bc2 Qc6 19. e4 cxd4 20. Nxd4 Qc8 21. e5 Nd7
22. Bxa4 Nc6 23. Nxc6 Bxc6 24. Bxc6 Qxc6 25. Nf3 Bxa3 26. Bxa3 Rxa3 27. Rd6 Qa4
28. Rcd1 Ra1 29. Rxa1 Qxa1+ 30. Rd1 Qa4 31. h4 Rc8 32. Rd4 h6 33. Kh2 Nc5 34.
Rd6 Qb4 35. Nd4 Qb1 36. Nc6 Rc7 37. Rd8+ Kh7 38. Nd4 Qe4 39. Qxe4+ Nxe4 40. f3
Nc3 41. Nb5 Rxc4 42. Nd6 Rxh4+ 43. Kg3 Rd4 44. Rc8 1/2-1/2

[Event "33ème Open International d'Avoine"]
[Site "Avoine"]
[Date "2018.07.21"]
[Round "2.46"]
[White "Travadon, Loic"]
[Black "Berthaut, Alexandre"]
[Result "1-0"]
[WhiteElo "2344"]
[BlackElo "1921"]
[PlyCount "50"]
[EventDate "2018.??.??"]

1. e4 b6 2. Nc3 Bb7 3. d4 e6 4. Bd3 Nf6 5. Nge2 c5 6. d5 exd5 7. exd5 g6 8. Bf4
a6 9. O-O Bg7 10. Bd6 Bf8 11. Bf4 Bg7 12. Re1 O-O 13. Bd6 Re8 14. Nf4 Rxe1+ 15.
Qxe1 Ne8 16. Be7 Qc7 17. Bxc5 Nf6 18. Be3 d6 19. f3 g5 20. Nfe2 Nxd5 21. Nxd5
Bxd5 22. Ng3 Nd7 23. Nf5 Bf6 24. Qg3 Ne5 25. Bxg5 Ng6 1-0

[Event "33ème Open International d'Avoine"]
[Site "Avoine"]
[Date "2018.07.21"]
[Round "2.47"]
[White "Imperor, Amelie"]
[Black "Eugene, Floryan"]
[Result "0-1"]
[WhiteElo "1912"]
[BlackElo "2332"]
[PlyCount "100"]
[EventDate "2018.??.??"]

1. e4 e5 2. Nf3 Nc6 3. Nc3 Nf6 4. Bb5 Bb4 5. O-O O-O 6. d3 Bxc3 7. bxc3 d6 8.
Bg5 Qe7 9. Re1 Nd8 10. d4 Ne6 11. Bc1 Rd8 12. a4 c5 13. g3 b6 14. d5 Nf8 15.
Nd2 Bd7 16. Qe2 Ne8 17. Nc4 Nc7 18. Ne3 Bxb5 19. axb5 Qd7 20. c4 Ng6 21. Qh5
Ne7 22. f4 f6 23. f5 Qe8 24. Qh4 Qf7 25. Ng4 h5 26. Nf2 Kf8 27. Re3 Ke8 28.
Rea3 Nc8 29. g4 hxg4 30. Nxg4 Kd7 31. Qh7 Ne7 32. Qh3 Rh8 33. Qg2 Nc8 34. Rg3
Ne8 35. Ra6 Kc7 36. Kf2 Kb7 37. Ke2 Nc7 38. Ra2 Ne7 39. Rh3 Rh5 40. Kd1 Rxh3
41. Qxh3 g6 42. Nh6 Qg7 43. fxg6 Rh8 44. Qd7 Qxg6 45. Qxe7 Rh7 46. Qxh7 Qxh7
47. Nf5 Qh5+ 48. Ke1 Ne8 49. Ra3 Qxh2 50. Re3 Qxc2 0-1

[Event "33ème Open International d'Avoine"]
[Site "Avoine"]
[Date "2018.07.21"]
[Round "2.48"]
[White "Dupont, Arthur"]
[Black "Viel, Simon"]
[Result "0-1"]
[WhiteElo "1915"]
[BlackElo "2316"]
[PlyCount "50"]
[EventDate "2018.??.??"]

1. Nf3 Nf6 2. g3 b6 3. Bg2 Bb7 4. O-O e6 5. c4 Be7 6. Nc3 O-O 7. d4 Ne4 8. Qc2
Nxc3 9. Qxc3 f5 10. b3 Bf6 11. a4 a5 12. Ba3 d6 13. Rad1 Nd7 14. Qc1 Qe7 15.
Ne1 Bxg2 16. Kxg2 e5 17. e3 c5 18. dxe5 dxe5 19. e4 Nb8 20. Qe3 Nc6 21. exf5
Nd4 22. Nf3 Qb7 23. Bb2 Bg5 24. Qc3 Rxf5 25. Rd3 Raf8 0-1

[Event "33ème Open International d'Avoine"]
[Site "Avoine"]
[Date "2018.07.21"]
[Round "2.49"]
[White "Tomasi, Albert"]
[Black "Joly, Julien"]
[Result "1/2-1/2"]
[WhiteElo "2302"]
[BlackElo "1917"]
[PlyCount "188"]
[EventDate "2018.??.??"]

1. e4 g6 2. d4 Bg7 3. Nc3 d6 4. Nf3 a6 5. Be3 b5 6. Qd2 Bb7 7. h4 h6 8. Bd3 Nd7
9. O-O-O Rc8 10. e5 e6 11. d5 Nf8 12. Qe2 Ne7 13. Bxb5+ axb5 14. Qxb5+ c6 15.
Qxb7 cxd5 16. Nb5 dxe5 17. Bb6 Qd7 18. Nc7+ Rxc7 19. Bxc7 Nc6 20. Nd2 Nh7 21.
Qa8+ Nd8 22. Bxd8 O-O 23. Kb1 Rxd8 24. Qa5 Rb8 25. Rh3 Nf6 26. Rb3 Rxb3 27.
Nxb3 Ng4 28. Rd2 Qe7 29. g3 e4 30. c4 e3 31. fxe3 Nxe3 32. cxd5 exd5 33. a3 Nc4
34. Qxd5 Nxd2+ 35. Qxd2 Qe5 36. Qf2 h5 37. Nc1 Qe4+ 38. Qc2 Qe1 39. Qd3 Bh6 40.
Qc3 Bd2 41. Qc4 Bxc1 42. Qxc1 Qxg3 43. Qc8+ Kg7 44. Qd8 Qe1+ 45. Kc2 Qe2+ 46.
Kc3 Qe1+ 47. Kc4 Qc1+ 48. Kb3 Qe3+ 49. Ka4 Qa7+ 50. Kb4 Qb7+ 51. Kc3 Qc6+ 52.
Kb3 Qb5+ 53. Kc3 Qc5+ 54. Kd2 Qf2+ 55. Kc1 Qe1+ 56. Kc2 Qe2+ 57. Kb3 Qb5+ 58.
Kc3 Qc5+ 59. Kb3 Qb5+ 60. Kc2 Qc4+ 61. Kd2 Qf4+ 62. Kd3 Qf3+ 63. Kc4 Qc6+ 64.
Kb4 Qb7+ 65. Kc3 Qc6+ 66. Kd2 Qg2+ 67. Kc1 Qf1+ 68. Kd2 Qf2+ 69. Kc1 Qf1+ 70.
Kc2 Qc4+ 71. Kb1 Qf1+ 72. Kc2 Qc4+ 73. Kd2 Qf4+ 74. Kd3 Qf3+ 75. Kc4 Qc6+ 76.
Kd3 Qf3+ 77. Kd2 Qf2+ 78. Kc3 Qc5+ 79. Kd3 Qb5+ 80. Kc2 Qc4+ 81. Kd2 Qf4+ 82.
Kc3 Qc1+ 83. Kb3 Qe3+ 84. Kb4 Qe4+ 85. Kb3 Qe6+ 86. Kc3 Qc6+ 87. Kd2 Qg2+ 88.
Kc1 Qf1+ 89. Kd2 Qf2+ 90. Kc3 Qc5+ 91. Kd3 Qb5+ 92. Kc2 Qc4+ 93. Kb1 Qf1+ 94.
Kc2 Qc4+ 1/2-1/2

[Event "33ème Open International d'Avoine"]
[Site "Avoine"]
[Date "2018.07.21"]
[Round "2.50"]
[White "Coiffait, Pierre-Basile"]
[Black "Algaba, Pedro"]
[Result "1-0"]
[WhiteElo "2253"]
[BlackElo "1905"]
[PlyCount "111"]
[EventDate "2018.??.??"]

1. e4 d5 2. exd5 Nf6 3. d4 Nxd5 4. c4 Nf6 5. Nc3 g6 6. Bf4 Bg7 7. Be2 O-O 8.
Bf3 c6 9. Qd2 Na6 10. Nge2 Bf5 11. a3 Re8 12. Be5 Nc7 13. Rd1 Ng4 14. Bxg7 Kxg7
15. h3 Nf6 16. g4 Bc8 17. Qe3 h6 18. Nf4 Ne6 19. Nxe6+ Bxe6 20. d5 cxd5 21.
cxd5 Bd7 22. Kf1 Qa5 23. Qe5 Qa6+ 24. Kg2 Kg8 25. d6 Bc6 26. dxe7 Bxf3+ 27.
Kxf3 Qe6 28. Qxe6 fxe6 29. Rd8 Rexd8 30. exd8=Q+ Rxd8 31. Rd1 Re8 32. Kg3 Kf7
33. f4 Ke7 34. Rd4 g5 35. fxg5 hxg5 36. Ra4 a6 37. Rb4 b5 38. a4 Nd5 39. Nxd5+
exd5 40. axb5 Rb8 41. b6 Kd6 42. h4 Kc5 43. Rb3 gxh4+ 44. Kxh4 d4 45. b7 Kc4
46. Rb6 a5 47. g5 Kc5 48. Rb3 a4 49. Rg3 Rxb7 50. Rg2 d3 51. g6 Kc4 52. g7 Rxg7
53. Rxg7 Kb3 54. Rg2 Ka2 55. Kg3 Kb1 56. Kf3 1-0

[Event "33ème Open International d'Avoine"]
[Site "Avoine"]
[Date "2018.07.21"]
[Round "3.1"]
[White "Viers, Emmanuel"]
[Black "Ortiz Suarez, Isan Reynaldo"]
[Result "0-1"]
[WhiteElo "2126"]
[BlackElo "2548"]
[PlyCount "45"]
[EventDate "2018.??.??"]

1. d4 {[%emt 18:37:30]} Nf6 {[%emt 0:00:09]} 2. Nc3 {[%emt 0:00:07]} d5 {
[%emt 0:00:42]} 3. Nf3 {[%emt 0:00:05]} g6 {[%emt 0:12:58]} 4. Qd3 {
[%emt 0:01:26]} Bg7 {[%emt 0:03:12]} 5. e4 {[%emt 0:00:17]} Nc6 {[%emt 0:12:15]
} 6. exd5 {[%emt 0:16:07]} Nxd5 {[%emt 0:00:04]} 7. Nxd5 {[%emt 0:00:18]} Qxd5
{[%emt 0:00:05]} 8. Be3 {[%emt 0:10:27]} O-O {[%emt 0:11:06]} 9. c3 {
[%emt 0:11:48]} Bg4 {[%emt 0:04:23]} 10. Nd2 {[%emt 0:15:22]} e5 {
[%emt 0:04:15]} 11. dxe5 {[%emt 0:01:09]} Qxd3 {[%emt 0:09:39]} 12. Bxd3 {
[%emt 0:00:04]} Nxe5 {[%emt 0:00:05]} 13. Bc2 {[%emt 0:05:13]} Rad8 {
[%emt 0:02:17]} 14. h3 {[%emt 0:00:58]} Be6 {[%emt 0:04:37]} 15. O-O {
[%emt 0:02:15]} Nd3 {[%emt 0:01:39]} 16. Rab1 {[%emt 0:13:27]} b6 {
[%emt 0:02:10]} 17. Nb3 {[%emt 0:00:56]} c5 {[%emt 0:01:10]} 18. Rfd1 {
[%emt 0:00:56]} Ne5 {[%emt 0:03:46]} 19. Rxd8 {[%emt 0:00:26]} Rxd8 {
[%emt 0:00:04]} 20. Rd1 {[%emt 0:00:54]} Rxd1+ {[%emt 0:00:29]} 21. Bxd1 {
[%emt 0:00:01]} Nd3 {[%emt 0:00:10]} 22. Bc1 {[%emt 0:18:54]} c4 {
[%emt 0:00:50]} 23. g3 {[%emt 0:00:52]} 0-1

[Event "33ème Open International d'Avoine"]
[Site "Avoine"]
[Date "2018.07.21"]
[Round "3.2"]
[White "Bailet, Pierre"]
[Black "Batteux, Mickael"]
[Result "1-0"]
[WhiteElo "2503"]
[BlackElo "2106"]
[PlyCount "126"]
[EventDate "2018.??.??"]

1. c4 {[%emt 0:00:00]} Nf6 {[%emt 0:00:00]} 2. Nc3 {[%emt 0:00:21]} g6 {
[%emt 0:00:28]} 3. e4 {[%emt 0:01:14]} d6 {[%emt 0:00:09]} 4. d4 {
[%emt 0:00:38]} Bg7 {[%emt 0:00:12]} 5. Nf3 {[%emt 0:02:45]} O-O {
[%emt 0:00:19]} 6. h3 {[%emt 0:01:02]} e5 {[%emt 0:01:47]} 7. d5 {
[%emt 0:00:17]} a5 {[%emt 0:01:04]} 8. Bg5 {[%emt 0:01:35]} h6 {[%emt 0:02:13]}
9. Be3 {[%emt 0:01:35]} Na6 {[%emt 0:05:41]} 10. Nd2 {[%emt 0:06:03]} Nh7 {
[%emt 0:07:51]} 11. g4 {[%emt 0:03:54]} f5 {[%emt 0:03:59]} 12. exf5 {
[%emt 0:02:35]} gxf5 {[%emt 0:07:57]} 13. gxf5 {[%emt 0:00:16]} Bxf5 {
[%emt 0:01:02]} 14. Nde4 {[%emt 0:03:21]} Qh4 {[%emt 0:03:26]} 15. Bd3 {
[%emt 0:07:23]} Nb4 {[%emt 0:06:53]} 16. Bb1 {[%emt 0:03:37]} b6 {
[%emt 0:07:23]} 17. a3 {[%emt 0:05:27]} Na6 {[%emt 0:00:21]} 18. Bd3 {
[%emt 0:01:40]} Nc5 {[%emt 0:03:49]} 19. Nxc5 {[%emt 0:08:48]} bxc5 {
[%emt 0:00:48]} 20. Bxf5 {[%emt 0:00:37]} Rxf5 {[%emt 0:00:15]} 21. Qg4 {
[%emt 0:00:18]} Rh5 {[%emt 0:01:24]} 22. Rg1 {[%emt 0:05:46]} Qxg4 {
[%emt 0:01:49]} 23. hxg4 {[%emt 0:00:08]} Rh3 {[%emt 0:00:11]} 24. Ne4 {
[%emt 0:07:27]} Bf6 {[%emt 0:04:25]} 25. O-O-O {[%emt 0:08:08]} Bg5 {
[%emt 0:03:24]} 26. Nxg5 {[%emt 0:00:08]} Nxg5 {[%emt 0:00:31]} 27. Rh1 {
[%emt 0:00:41]} Rxh1 {[%emt 0:00:54]} 28. Rxh1 {[%emt 0:00:07]} Kg7 {
[%emt 0:00:05]} 29. Kc2 {[%emt 0:00:09]} Rb8 {[%emt 0:02:22]} 30. a4 {
[%emt 0:01:58]} Rf8 {[%emt 0:00:53]} 31. Kd3 {[%emt 0:04:03]} Rb8 {
[%emt 0:08:38]} 32. Kc2 {[%emt 0:09:23]} Rf8 {[%emt 0:01:12]} 33. Rh2 {
[%emt 0:03:13]} Rf6 {[%emt 0:01:36]} 34. Kd3 {[%emt 0:00:39]} Nf3 {
[%emt 0:04:02]} 35. Rh5 {[%emt 0:00:55]} Ne1+ {[%emt 0:14:27]} 36. Ke4 {
[%emt 0:06:05]} Nc2 {[%emt 0:02:30]} 37. Bd2 {[%emt 0:01:44]} Nb4 {
[%emt 0:00:59]} 38. f4 {[%emt 0:00:53]} Rg6 {[%emt 0:03:06]} 39. g5 {
[%emt 0:09:58]} exf4 {[%emt 0:02:10]} 40. Bxf4 {[%emt 0:03:56]} hxg5 {
[%emt 0:00:15]} 41. Bxg5 {[%emt 0:02:02]} c6 {[%emt 0:06:18]} 42. Bf4 {
[%emt 0:14:45]} cxd5+ {[%emt 0:05:06]} 43. cxd5 {[%emt 0:00:14]} Rf6 {
[%emt 0:02:18]} 44. b3 {[%emt 0:05:15]} Kg8 {[%emt 0:12:37]} 45. Rg5+ {
[%emt 0:19:02]} Kf7 {[%emt 0:03:31]} 46. Rh5 {[%emt 0:01:50]} Kg8 {
[%emt 0:00:43]} 47. Rh3 {[%emt 0:03:04]} Kg7 {[%emt 0:01:39]} 48. Rf3 {
[%emt 0:02:42]} Nc2 {[%emt 0:07:13]} 49. Rg3+ {[%emt 0:00:36]} Kf7 {
[%emt 0:00:13]} 50. Bd2 {[%emt 0:00:45]} Nb4 {[%emt 0:01:25]} 51. Bc3 {
[%emt 0:03:32]} Rh6 {[%emt 0:01:24]} 52. Rg7+ {[%emt 0:00:13]} Ke8 {
[%emt 0:00:28]} 53. Bxb4 {[%emt 0:00:31]} Rh4+ {[%emt 0:00:47]} 54. Kf5 {
[%emt 0:00:13]} Rxb4 {[%emt 0:00:25]} 55. Ke6 {[%emt 0:00:15]} Kf8 {
[%emt 0:00:32]} 56. Rf7+ {[%emt 0:00:49]} Kg8 {[%emt 0:00:10]} 57. Ra7 {
[%emt 0:01:19]} Rxb3 {[%emt 0:00:13]} 58. Kxd6 {[%emt 0:00:11]} c4 {
[%emt 0:01:13]} 59. Rxa5 {[%emt 0:00:17]} c3 {[%emt 0:00:07]} 60. Rc5 {
[%emt 0:00:29]} Ra3 {[%emt 0:00:08]} 61. Ke7 {[%emt 0:00:27]} Rxa4 {
[%emt 0:00:24]} 62. Rxc3 {[%emt 0:00:27]} Re4+ {[%emt 0:00:23]} 63. Kd7 {
[%emt 0:00:08]} Kf8 {[%emt 0:00:20]} 1-0

[Event "33ème Open International d'Avoine"]
[Site "Avoine"]
[Date "2018.07.21"]
[Round "3.3"]
[White "Haub, Thorsten Michael"]
[Black "Kern, Nicolas"]
[Result "1-0"]
[WhiteElo "2405"]
[BlackElo "2104"]
[PlyCount "75"]
[EventDate "2018.??.??"]

1. g3 {[%emt 0:00:00]} Nf6 {[%emt 0:00:00]} 2. Bg2 {[%emt 0:00:00]} e6 {
[%emt 0:02:37]} 3. Nf3 {[%emt 0:00:12]} d5 {[%emt 0:00:27]} 4. O-O {
[%emt 0:00:16]} b5 {[%emt 0:00:22]} 5. c3 {[%emt 0:04:03]} a5 {[%emt 0:06:41]}
6. d3 {[%emt 0:07:16]} Bb7 {[%emt 0:09:44]} 7. Bg5 {[%emt 0:07:08]} Qd6 {
[%emt 0:07:07]} 8. Nfd2 {[%emt 0:07:54]} Nbd7 {[%emt 0:10:40]} 9. Na3 {
[%emt 0:09:13]} Qb6 {[%emt 0:02:46]} 10. Nc2 {[%emt 0:06:08]} h6 {
[%emt 0:04:55]} 11. Be3 {[%emt 0:01:49]} c5 {[%emt 0:02:50]} 12. b4 {
[%emt 0:06:00]} Ng4 {[%emt 0:08:29]} 13. bxc5 {[%emt 0:01:16]} Nxc5 {
[%emt 0:00:46]} 14. Bd4 {[%emt 0:02:38]} e5 {[%emt 0:00:26]} 15. Bxc5 {
[%emt 0:01:43]} Bxc5 {[%emt 0:02:44]} 16. d4 {[%emt 0:00:11]} exd4 {
[%emt 0:05:28]} 17. cxd4 {[%emt 0:00:14]} Bxd4 {[%emt 0:00:19]} 18. Nxd4 {
[%emt 0:01:21]} Qxd4 {[%emt 0:05:24]} 19. e3 {[%emt 0:00:20]} Qa4 {
[%emt 0:03:23]} 20. Qxa4 {[%emt 0:01:19]} bxa4 {[%emt 0:00:02]} 21. Rfb1 {
[%emt 0:00:08]} Bc6 {[%emt 0:01:15]} 22. Nc4 {[%emt 0:04:08]} Ke7 {
[%emt 0:08:03]} 23. Nb6 {[%emt 0:09:56]} Rad8 {[%emt 0:00:30]} 24. Rd1 {
[%emt 0:00:29]} Ke6 {[%emt 0:03:37]} 25. Rac1 {[%emt 0:00:35]} Rd6 {
[%emt 0:00:54]} 26. Rxc6 {[%emt 0:01:28]} Rxc6 {[%emt 0:00:04]} 27. Bxd5+ {
[%emt 0:00:07]} Kd6 {[%emt 0:00:04]} 28. Bf3+ {[%emt 0:00:11]} Kc7 {
[%emt 0:01:30]} 29. Nd5+ {[%emt 0:00:10]} Kb8 {[%emt 0:00:47]} 30. Bxg4 {
[%emt 0:00:45]} Rc5 {[%emt 0:05:07]} 31. Bf3 {[%emt 0:00:40]} Rd8 {
[%emt 0:01:51]} 32. Rd4 {[%emt 0:00:56]} Ka7 {[%emt 0:00:31]} 33. h4 {
[%emt 0:01:01]} g6 {[%emt 0:03:50]} 34. Kg2 {[%emt 0:01:17]} f5 {[%emt 0:01:40]
} 35. e4 {[%emt 0:00:33]} fxe4 {[%emt 0:01:46]} 36. Bxe4 {[%emt 0:00:06]} Rd6 {
[%emt 0:00:06]} 37. Kf3 {[%emt 0:03:39]} Rc3+ {[%emt 0:02:09]} 38. Nxc3 {
[%emt 0:00:16]} 1-0

[Event "33ème Open International d'Avoine"]
[Site "Avoine"]
[Date "2018.07.21"]
[Round "3.4"]
[White "Rubino, William"]
[Black "Lerch, Patrice"]
[Result "0-1"]
[WhiteElo "2106"]
[BlackElo "2405"]
[PlyCount "94"]
[EventDate "2018.??.??"]

1. e4 {[%emt 0:00:00]} c5 {[%emt 0:00:00]} 2. Nf3 {[%emt 0:00:00]} Nc6 {
[%emt 0:00:00]} 3. d4 {[%emt 0:00:28]} cxd4 {[%emt 0:00:13]} 4. Nxd4 {
[%emt 0:00:11]} d6 {[%emt 0:00:33]} 5. Nc3 {[%emt 0:02:13]} Bd7 {[%emt 0:00:33]
} 6. g3 {[%emt 0:03:54]} h5 {[%emt 0:16:10]} 7. h3 {[%emt 0:08:36]} Qc8 {
[%emt 0:10:32]} 8. Be3 {[%emt 0:02:28]} Nf6 {[%emt 0:03:47]} 9. Qd2 {
[%emt 0:06:19]} a6 {[%emt 0:06:40]} 10. Bg2 {[%emt 0:10:58]} e6 {[%emt 0:09:20]
} 11. a4 {[%emt 0:14:26]} Qc7 {[%emt 0:08:58]} 12. O-O {[%emt 0:16:19]} Rc8 {
[%emt 0:02:34]} 13. Nxc6 {[%emt 0:01:46]} Bxc6 {[%emt 0:05:34]} 14. Rfd1 {
[%emt 0:05:29]} Be7 {[%emt 0:03:00]} 15. Bd4 {[%emt 0:01:30]} O-O {
[%emt 0:07:49]} 16. Bxf6 {[%emt 0:07:33]} Bxf6 {[%emt 0:00:05]} 17. Qxd6 {
[%emt 0:00:14]} h4 {[%emt 0:02:15]} 18. Qxc7 {[%emt 0:02:07]} Rxc7 {
[%emt 0:04:46]} 19. f4 {[%emt 0:01:23]} Bxc3 {[%emt 0:00:51]} 20. bxc3 {
[%emt 0:00:07]} hxg3 {[%emt 0:00:06]} 21. Rd3 {[%emt 0:01:17]} e5 {
[%emt 0:00:10]} 22. f5 {[%emt 0:02:21]} f6 {[%emt 0:00:46]} 23. Bf3 {
[%emt 0:03:44]} Rfc8 {[%emt 0:00:42]} 24. Ra3 {[%emt 0:02:07]} Be8 {
[%emt 0:03:37]} 25. a5 {[%emt 0:02:24]} Kf8 {[%emt 0:06:19]} 26. Kg2 {
[%emt 0:01:58]} Bb5 {[%emt 0:00:26]} 27. Re3 {[%emt 0:00:07]} Rd8 {
[%emt 0:00:30]} 28. Kxg3 {[%emt 0:00:19]} Rd2 {[%emt 0:00:15]} 29. c4 {
[%emt 0:03:37]} Rxc4 {[%emt 0:09:35]} 30. Be2 {[%emt 0:00:46]} Rcxc2 {
[%emt 0:00:08]} 31. Bxb5 {[%emt 0:00:07]} Rg2+ {[%emt 0:00:03]} 32. Kh4 {
[%emt 0:00:08]} axb5 {[%emt 0:00:03]} 33. a6 {[%emt 0:04:16]} bxa6 {
[%emt 0:00:07]} 34. Rxa6 {[%emt 0:00:04]} Rcf2 {[%emt 0:00:25]} 35. Ra8+ {
[%emt 0:02:22]} Kf7 {[%emt 0:00:04]} 36. Ra7+ {[%emt 0:00:04]} Kg8 {
[%emt 0:00:09]} 37. Rg3 {[%emt 0:00:19]} Rxg3 {[%emt 0:00:21]} 38. Kxg3 {
[%emt 0:00:20]} Rf4 {[%emt 0:00:04]} 39. Rb7 {[%emt 0:00:27]} Rxe4 {
[%emt 0:00:05]} 40. Rxb5 {[%emt 0:00:10]} Rf4 {[%emt 0:00:04]} 41. h4 {
[%emt 0:00:22]} Kh7 {[%emt 0:00:20]} 42. Rb7 {[%emt 0:00:19]} Rxf5 {
[%emt 0:00:07]} 43. Kg4 {[%emt 0:00:07]} Kg6 {[%emt 0:00:26]} 44. Ra7 {
[%emt 0:00:41]} Rf4+ {[%emt 0:00:15]} 45. Kg3 {[%emt 0:00:05]} Rb4 {
[%emt 0:00:06]} 46. Rc7 {[%emt 0:00:07]} Rb3+ {[%emt 0:00:09]} 47. Kg2 {
[%emt 0:00:15]} Kh6 {[%emt 0:00:52]} 0-1

[Event "33ème Open International d'Avoine"]
[Site "Avoine"]
[Date "2018.07.21"]
[Round "3.5"]
[White "Colin, Vincent"]
[Black "Rodriguez Rodriguez, Antonio"]
[Result "1/2-1/2"]
[WhiteElo "2381"]
[BlackElo "2088"]
[PlyCount "28"]
[EventDate "2018.??.??"]

1. e4 c5 2. Nf3 a6 3. c3 d5 4. exd5 Qxd5 5. d4 e6 6. Bd3 Nf6 7. O-O Be7 8. Re1
O-O 9. c4 Qh5 10. dxc5 Rd8 11. Nc3 e5 12. Nd5 Bg4 13. h3 Bxf3 14. Qxf3 Qxf3
1/2-1/2

[Event "33ème Open International d'Avoine"]
[Site "Avoine"]
[Date "2018.07.21"]
[Round "3.6"]
[White "Englisch, Colya"]
[Black "Naumkin, Igor"]
[Result "0-1"]
[WhiteElo "2097"]
[BlackElo "2379"]
[PlyCount "74"]
[EventDate "2018.??.??"]

1. d4 {[%emt 0:00:00]} e6 {[%emt 0:00:00]} 2. Nf3 {[%emt 0:00:00]} Nf6 {
[%emt 0:00:05]} 3. g3 {[%emt 0:00:16]} d5 {[%emt 0:00:26]} 4. Bg2 {
[%emt 0:00:15]} Be7 {[%emt 0:00:08]} 5. O-O {[%emt 0:00:12]} O-O {
[%emt 0:00:05]} 6. c4 {[%emt 0:00:37]} dxc4 {[%emt 0:00:14]} 7. Ne5 {
[%emt 0:00:24]} c5 {[%emt 0:00:22]} 8. dxc5 {[%emt 0:00:45]} Qc7 {
[%emt 0:00:15]} 9. Nxc4 {[%emt 0:00:23]} Qxc5 {[%emt 0:00:18]} 10. b3 {
[%emt 0:00:29]} Rd8 {[%emt 0:01:05]} 11. Nbd2 {[%emt 0:00:53]} Nc6 {
[%emt 0:01:41]} 12. Ba3 {[%emt 0:14:51]} Nb4 {[%emt 0:03:40]} 13. Bb2 {
[%emt 0:09:10]} Qb5 {[%emt 0:03:31]} 14. a3 {[%emt 0:09:25]} Nc6 {
[%emt 0:06:40]} 15. b4 {[%emt 0:10:08]} a6 {[%emt 0:07:10]} 16. e3 {
[%emt 0:07:56]} Bd7 {[%emt 0:07:08]} 17. Bc3 {[%emt 0:25:24]} Be8 {
[%emt 0:03:06]} 18. a4 {[%emt 0:03:22]} Qf5 {[%emt 0:05:10]} 19. e4 {
[%emt 0:04:39]} Qg6 {[%emt 0:05:37]} 20. b5 {[%emt 0:05:54]} Nd4 {
[%emt 0:04:28]} 21. e5 {[%emt 0:04:38]} Ng4 {[%emt 0:07:27]} 22. Ba5 {
[%emt 0:04:06]} axb5 {[%emt 0:05:00]} 23. Bxd8 {[%emt 0:00:35]} Rxd8 {
[%emt 0:03:14]} 24. axb5 {[%emt 0:03:01]} Bxb5 {[%emt 0:00:47]} 25. h3 {
[%emt 0:02:14]} Nh6 {[%emt 0:00:49]} 26. Bxb7 {[%emt 0:01:48]} Nhf5 {
[%emt 0:03:19]} 27. Ra8 {[%emt 0:00:59]} Rxa8 {[%emt 0:05:28]} 28. Bxa8 {
[%emt 0:00:04]} h5 {[%emt 0:00:13]} 29. Kh2 {[%emt 0:01:07]} Bb4 {
[%emt 0:00:54]} 30. Rg1 {[%emt 0:00:53]} Qh6 {[%emt 0:00:58]} 31. f4 {
[%emt 0:00:44]} h4 {[%emt 0:00:23]} 32. Qg4 {[%emt 0:00:39]} hxg3+ {
[%emt 0:00:44]} 33. Kh1 {[%emt 0:00:29]} Bxd2 {[%emt 0:01:55]} 34. Bg2 {
[%emt 0:00:37]} Bxc4 {[%emt 0:00:33]} 35. Rb1 {[%emt 0:00:16]} Bxf4 {
[%emt 0:02:22]} 36. Rb8+ {[%emt 0:00:25]} Kh7 {[%emt 0:00:16]} 37. Rb7 {
[%emt 0:00:26]} Be2 {[%emt 0:00:49]} 0-1

[Event "33ème Open International d'Avoine"]
[Site "Avoine"]
[Date "2018.07.21"]
[Round "3.7"]
[White "Budak, Rewi"]
[Black "Bouget, Alexandre"]
[Result "1-0"]
[WhiteElo "2075"]
[BlackElo "2282"]
[PlyCount "81"]
[EventDate "2018.??.??"]

1. e4 {[%emt 0:08:52]} e6 {[%emt 0:00:45]} 2. d4 {[%emt 0:00:06]} d5 {
[%emt 0:00:04]} 3. Nd2 {[%emt 0:00:18]} Nf6 {[%emt 0:00:06]} 4. e5 {
[%emt 0:00:04]} Nfd7 {[%emt 0:00:02]} 5. f4 {[%emt 0:00:05]} c5 {[%emt 0:00:05]
} 6. c3 {[%emt 0:00:03]} Nc6 {[%emt 0:00:05]} 7. Ndf3 {[%emt 0:00:05]} Qb6 {
[%emt 0:00:10]} 8. g3 {[%emt 0:00:04]} cxd4 {[%emt 0:00:40]} 9. cxd4 {
[%emt 0:00:08]} Bb4+ {[%emt 0:00:10]} 10. Kf2 {[%emt 0:00:05]} f6 {
[%emt 0:00:46]} 11. Kg2 {[%emt 0:02:22]} Be7 {[%emt 0:04:05]} 12. Bd3 {
[%emt 0:06:36]} f5 {[%emt 0:02:27]} 13. Ne2 {[%emt 0:03:08]} a6 {[%emt 0:08:29]
} 14. h3 {[%emt 0:11:44]} Qa7 {[%emt 0:04:31]} 15. a3 {[%emt 0:04:43]} b5 {
[%emt 0:02:46]} 16. Bd2 {[%emt 0:00:42]} Nb6 {[%emt 0:00:38]} 17. b3 {
[%emt 0:01:37]} Bd7 {[%emt 0:01:31]} 18. Qc2 {[%emt 0:00:46]} O-O {
[%emt 0:12:41]} 19. g4 {[%emt 0:02:22]} g6 {[%emt 0:05:38]} 20. h4 {
[%emt 0:07:47]} Rfc8 {[%emt 0:04:46]} 21. Qb1 {[%emt 0:10:56]} Be8 {
[%emt 0:09:19]} 22. h5 {[%emt 0:05:32]} fxg4 {[%emt 0:04:13]} 23. Nh2 {
[%emt 0:05:29]} gxh5 {[%emt 0:12:49]} 24. Nxg4 {[%emt 0:02:11]} Bd8 {
[%emt 0:00:43]} 25. Nh6+ {[%emt 0:04:16]} Kh8 {[%emt 0:00:52]} 26. Kf3 {
[%emt 0:02:16]} Rc7 {[%emt 0:08:29]} 27. Be3 {[%emt 0:11:51]} Rb8 {
[%emt 0:02:03]} 28. Qf1 {[%emt 0:04:08]} Rg7 {[%emt 0:02:37]} 29. Qh3 {
[%emt 0:03:36]} Rbb7 {[%emt 0:03:47]} 30. Rag1 {[%emt 0:02:43]} Rbe7 {
[%emt 0:01:47]} 31. f5 {[%emt 0:04:07]} exf5 {[%emt 0:00:03]} 32. Bg5 {
[%emt 0:01:04]} Rxg5 {[%emt 0:06:38]} 33. Rxg5 {[%emt 0:00:39]} Bg6 {
[%emt 0:00:10]} 34. Rxf5 {[%emt 0:02:37]} Kg7 {[%emt 0:00:46]} 35. Rxh5 {
[%emt 0:01:44]} Bxd3 {[%emt 0:04:02]} 36. Rg1+ {[%emt 0:00:40]} Bg6 {
[%emt 0:00:12]} 37. Nf5+ {[%emt 0:00:04]} Kf8 {[%emt 0:01:02]} 38. Rxg6 {
[%emt 0:00:01]} hxg6 {[%emt 0:00:34]} 39. Rh8+ {[%emt 0:00:19]} Kf7 {
[%emt 0:00:03]} 40. Nd6+ {[%emt 0:00:08]} Kg7 {[%emt 0:00:17]} 41. Qh6# {
[%emt 0:00:08]} 1-0

[Event "33ème Open International d'Avoine"]
[Site "Avoine"]
[Date "2018.07.21"]
[Round "3.8"]
[White "Malassagne, Raphael"]
[Black "Fruteau, Sabine"]
[Result "1-0"]
[WhiteElo "2275"]
[BlackElo "2071"]
[PlyCount "23"]
[EventDate "2018.??.??"]

1. d4 {[%emt 0:00:00]} Nf6 {[%emt 0:00:00]} 2. Bf4 {[%emt 0:00:00]} d6 {
[%emt 0:00:26]} 3. Nc3 {[%emt 0:00:25]} Nbd7 {[%emt 0:00:42]} 4. Nf3 {
[%emt 0:00:06]} g6 {[%emt 0:01:28]} 5. e4 {[%emt 0:00:16]} Bg7 {[%emt 0:04:35]}
6. Qd2 {[%emt 0:01:21]} c5 {[%emt 0:03:54]} 7. dxc5 {[%emt 0:05:50]} Nxc5 {
[%emt 0:00:14]} 8. e5 {[%emt 0:00:46]} Nh5 {[%emt 0:11:27]} 9. Be3 {
[%emt 0:06:23]} Qa5 {[%emt 0:00:56]} 10. Bb5+ {[%emt 0:01:13]} Kf8 {
[%emt 0:03:52]} 11. exd6 {[%emt 0:08:17]} Bxc3 {[%emt 0:00:30]} 12. dxe7+ {
[%emt 0:00:04]} 1-0